[Event "PRO League Stage"]
[Site "Chess.com INT"]
[Date "2019.01.16"]
[Round "2"]
[White "Fernandez, Daniel"]
[Black "Van Kampen, Robin"]
[Result "1-0"]
[WhiteElo "2482"]
[BlackElo "2658"]
[PlyCount "41"]
[EventDate "2019.01.08"]
[EventType "team-swiss (rapid)"]
[EventRounds "10"]
[EventCountry "USA"]
[SourceTitle "CBM 188 Extra"]
[Source "ChessBase"]
[SourceDate "2019.02.26"]
[SourceVersion "1"]
[SourceVersionDate "2019.02.26"]
[SourceQuality "1"]
[WhiteTeam "Miami Champions"]
[BlackTeam "Montreal Chessbrahs"]
[WhiteTeamCountry "USA"]
[BlackTeamCountry "CAN"]

1. e4 c5 2. Nf3 e6 3. d4 cxd4 4. Nxd4 a6 5. Nc3 Qc7 6. Qf3 b5 7. Bf4 d6 8. 0-0-0 Bb7 9. Bxb5+ axb5 10. Ndxb5 Qb6 11. Bxd6 Na6 12. Bxf8 Kxf8 13. Rd7 Nf6 14. Nd6 Kg8 15. Rd1 Nc5 16. Rxf7 Rd8 17. Qg3 Nh5 18. Qe5 Rxd6 19. Rxd6 Qa5 20. Rxb7 Nxb7 21. Qxa5 1-0

[Event "PRO League Stage"]
[Site "Chess.com INT"]
[Date "2019.01.08"]
[Round "1"]
[White "Shabalov, Alexander"]
[Black "Van Kampen, Robin"]
[Result "1-0"]
[WhiteElo "2529"]
[BlackElo "2658"]
[PlyCount "82"]
[EventDate "2019.01.08"]
[EventType "team-swiss (rapid)"]
[EventRounds "10"]
[EventCountry "USA"]
[SourceTitle "CBM 188 Extra"]
[Source "ChessBase"]
[SourceDate "2019.02.26"]
[SourceVersion "1"]
[SourceVersionDate "2019.02.26"]
[SourceQuality "1"]
[WhiteTeam "Pittsburgh Pawngrabbers"]
[BlackTeam "Montreal Chessbrahs"]
[WhiteTeamCountry "USA"]
[BlackTeamCountry "CAN"]

1. e4 c5 2. Nf3 d6 3. d4 cxd4 4. Nxd4 Nf6 5. Nc3 a6 6. Be2 e5 7. Nb3 Be7 8. Be3 Be6 9. h4 Nc6 10. Nd5 Bxd5 11. exd5 Nb4 12. c4 a5 13. h5 0-0 14. Nd2 Nd7 15. h6 g6 16. 0-0 f5 17. f4 exf4 18. Bxf4 Bg5 19. a3 Na6 20. Qb3 Bxf4 21. Rxf4 Qg5 22. Raf1 Rae8 23. Bd1 Nac5 24. Qh3 Ne5 25. Be2 Nf7 26. Qf3 Nxh6 27. b4 axb4 28. axb4 Nd7 29. c5 Ne5 30. Qc3 Neg4 31. Bxg4 Nxg4 32. cxd6 Qd8 33. Qc5 b6 34. Qc6 Re2 35. Nf3 Rf6 36. Nd4 Rxd6 37. Qb7 Rxd5 38. Nxe2 Ne3 39. R1f3 Rd1+ 40. Kh2 Nd5 41. Rc4 Ne7 1-0

[Event "Bundesliga 1718"]
[Site "Germany"]
[Date "2018.04.30"]
[Round "14.4"]
[White "Handke, Florian"]
[Black "Van Kampen, Robin"]
[Result "1/2-1/2"]
[WhiteElo "2525"]
[BlackElo "2646"]
[PlyCount "46"]
[EventDate "2017.10.21"]
[EventType "team-tourn"]
[EventRounds "15"]
[EventCountry "GER"]
[SourceTitle "CBM 184"]
[Source "ChessBase"]
[SourceDate "2018.05.16"]
[SourceVersion "1"]
[SourceVersionDate "2018.05.16"]
[SourceQuality "1"]
[WhiteTeam "Aachen"]
[BlackTeam "Solingen"]
[WhiteTeamCountry "GER"]
[BlackTeamCountry "GER"]

1. e4 e5 2. Nf3 Nc6 3. Bb5 g6 4. c3 a6 5. Ba4 Bg7 6. 0-0 b5 7. Bc2 d6 8. d4 exd4 9. Nxd4 Bb7 10. a4 Nge7 11. Be3 b4 12. a5 0-0 13. Ra4 bxc3 14. Nxc3 Rb8 15. h3 Ba8 16. Bd3 Nb4 17. Bb1 Qd7 18. Ra3 Rfd8 19. Nde2 c5 20. Qc1 Nbc6 21. Rd1 Qb7 22. Rd2 Qc7 23. Bg5 Re8 1/2-1/2

[Event "Bundesliga 1718"]
[Site "Germany"]
[Date "2018.03.11"]
[Round "12.3"]
[White "Howell, David"]
[Black "Van Kampen, Robin"]
[Result "1/2-1/2"]
[WhiteElo "2698"]
[BlackElo "2646"]
[PlyCount "48"]
[EventDate "2017.10.21"]
[EventType "team-tourn"]
[EventRounds "15"]
[EventCountry "GER"]
[SourceTitle "CBM 184"]
[Source "ChessBase"]
[SourceDate "2018.05.16"]
[SourceVersion "1"]
[SourceVersionDate "2018.05.16"]
[SourceQuality "1"]
[WhiteTeam "Hockenheim"]
[BlackTeam "Solingen"]
[WhiteTeamCountry "GER"]
[BlackTeamCountry "GER"]

1. Nf3 Nf6 2. c4 b6 3. g3 c5 4. Bg2 Bb7 5. 0-0 g6 6. b3 Bg7 7. Bb2 0-0 8. Nc3 d5 9. Nxd5 Nxd5 10. Bxg7 Kxg7 11. cxd5 Qxd5 12. d4 Na6 13. dxc5 Nxc5 14. Qxd5 Bxd5 15. Rfd1 Rfd8 16. Rac1 Kf6 17. h4 Rac8 18. b4 Bxf3 19. Rxd8 Rxd8 20. Bxf3 Ne6 21. Rc3 Nd4 22. Rc7 Nb5 23. Rb7 Rd4 24. a4 Nd6 1/2-1/2

[Event "PRO League Stage"]
[Site "Chess.com INT"]
[Date "2018.02.28"]
[Round "8"]
[White "Van Kampen, Robin"]
[Black "Perez, Maximiliano"]
[Result "0-1"]
[WhiteElo "2646"]
[BlackElo "2399"]
[PlyCount "116"]
[EventDate "2018.01.18"]
[EventType "team-swiss (rapid)"]
[EventRounds "9"]
[EventCountry "USA"]
[SourceTitle "EXT 2019"]
[Source "ChessBase"]
[SourceDate "2018.10.10"]
[SourceVersion "1"]
[SourceVersionDate "2018.10.10"]
[SourceQuality "1"]
[WhiteTeam "Montreal ChessBrahs"]
[BlackTeam "Buenos Aires Krakens"]
[WhiteTeamCountry "CAN"]
[BlackTeamCountry "ARG"]

1. e4 c5 2. Nf3 g6 3. c4 Bg7 4. d4 cxd4 5. Nxd4 Nc6 6. Be3 Nf6 7. Nc3 d6 8. Be2 0-0 9. 0-0 Bd7 10. Qd2 Nxd4 11. Bxd4 Bc6 12. f3 a5 13. b3 Nd7 14. Be3 Nc5 15. Rab1 Be5 16. Nd1 e6 17. Nf2 Qe7 18. Rbd1 Rfd8 19. Ng4 Bg7 20. Bg5 f6 21. Bh4 h5 22. Ne3 Bh6 23. Nf5 Bxd2 24. Nxe7+ Kf7 25. Rxd2 Kxe7 26. Rfd1 e5 27. Bf2 Ne6 28. Bf1 g5 29. g3 g4 30. fxg4 hxg4 31. Be2 Ng5 32. Bb6 Rd7 33. Bxg4 Nxe4 34. Bxd7 Bxd7 35. Rxd6 Nxd6 36. Bc5 Ra6 37. h4 Ke6 38. h5 Nf7 39. Bf8 Ra8 40. Bg7 Rg8 41. h6 Bc6 42. c5 f5 43. Kf1 f4 44. Rd6+ Nxd6 45. h7 Rxg7 46. h8Q Nf5 47. gxf4 exf4 48. Qc8+ Ke5 49. a4 Ne3+ 50. Ke1 Rg2 51. Qh8+ Ke4 52. Qh7+ Kd4 53. Qh8+ Kd3 54. Qh7+ Kc3 55. Qh8+ Kxb3 56. Qe5 Bf3 57. Qe6+ Ka3 58. c6 Re2# 0-1

[Event "Bundesliga 1718"]
[Site "Germany"]
[Date "2018.02.25"]
[Round "10.6"]
[White "Bacrot, Etienne"]
[Black "Van Kampen, Robin"]
[Result "1/2-1/2"]
[WhiteElo "2723"]
[BlackElo "2646"]
[PlyCount "67"]
[EventDate "2017.10.21"]
[EventType "team-tourn"]
[EventRounds "15"]
[EventCountry "GER"]
[SourceTitle "CBM 183"]
[Source "ChessBase"]
[SourceDate "2018.03.14"]
[SourceVersion "1"]
[SourceVersionDate "2018.03.14"]
[SourceQuality "1"]
[WhiteTeam "Baden-Baden"]
[BlackTeam "Solingen"]
[WhiteTeamCountry "GER"]
[BlackTeamCountry "GER"]

1. e4 e5 2. Nf3 Nc6 3. Bc4 Bc5 4. d3 Nf6 5. 0-0 0-0 6. c3 d6 7. Re1 a6 8. a4 Ba7 9. h3 b5 10. Bb3 b4 11. Nbd2 bxc3 12. bxc3 Na5 13. Bc2 Rb8 14. Nf1 h6 15. d4 Re8 16. dxe5 dxe5 17. Qxd8 Rxd8 18. Nxe5 Re8 19. Nf3 Nb3 20. Rb1 Nxc1 21. Rbxc1 Rb2 22. Ne3 Bd7 23. Nc4 Ra2 24. Nfd2 Rb8 25. Kf1 Nh5 26. Bb1 Rxa4 27. Ne5 Rb2 28. Red1 Be6 29. Nd3 Rb8 30. Bc2 Ra3 31. Nb1 Ra1 32. Nd2 Ra3 33. Nb1 Ra1 34. Nd2 1/2-1/2

[Event "PRO League Stage"]
[Site "Chess.com INT"]
[Date "2018.02.07"]
[Round "5"]
[White "Beerdsen, Thomas"]
[Black "Van Kampen, Robin"]
[Result "1-0"]
[WhiteElo "2416"]
[BlackElo "2646"]
[PlyCount "61"]
[EventDate "2018.01.18"]
[EventType "team-swiss (rapid)"]
[EventRounds "9"]
[EventCountry "USA"]
[SourceTitle "CBM 182 Extra"]
[Source "ChessBase"]
[SourceDate "2018.02.23"]
[SourceVersion "1"]
[SourceVersionDate "2018.02.23"]
[SourceQuality "1"]
[WhiteTeam "Minnesota Blizzard"]
[BlackTeam "Montreal ChessBrahs"]
[WhiteTeamCountry "USA"]
[BlackTeamCountry "CAN"]

1. e4 c5 2. Nf3 Nc6 3. d4 cxd4 4. Nxd4 e6 5. Nc3 Qc7 6. g4 a6 7. Bg2 Bc5 8. Nxc6 bxc6 9. 0-0 Ne7 10. Kh1 d5 11. f4 0-0 12. f5 f6 13. g5 exf5 14. exd5 Bb7 15. Bf4 Qd8 16. gxf6 Rxf6 17. Bg5 Rg6 18. Bxe7 Bxe7 19. Rxf5 Rxg2 20. Kxg2 cxd5 21. Qf3 Rc8 22. Re1 Bb4 23. Kh1 Bxc3 24. bxc3 Qd7 25. Kg1 d4 26. Qh3 Qc6 27. Re7 Qg6+ 28. Qg3 Rxc3 29. Qxg6 hxg6 30. Rf4 Bd5 31. Re8+ 1-0

[Event "ESP-chT CECLUB Div1"]
[Site "Linares"]
[Date "2017.08.19"]
[Round "6.3"]
[White "Anton Guijarro, David"]
[Black "Van Kampen, Robin"]
[Result "1/2-1/2"]
[WhiteElo "2654"]
[BlackElo "2643"]
[PlyCount "39"]
[EventDate "2017.08.14"]
[EventType "team"]
[EventRounds "7"]
[EventCountry "ESP"]
[SourceTitle "CBM 180 Extra"]
[Source "ChessBase"]
[SourceDate "2017.10.06"]
[SourceVersion "1"]
[SourceVersionDate "2017.10.06"]
[SourceQuality "1"]
[WhiteTeam "Virgen de Atocha"]
[BlackTeam "Real Oviedo"]
[WhiteTeamCountry "ESP"]
[BlackTeamCountry "ESP"]

1. e4 e5 2. Nf3 Nc6 3. Bb5 g6 4. 0-0 Bg7 5. c3 a6 6. Ba4 d6 7. d4 exd4 8. cxd4 b5 9. Bb3 Nge7 10. h3 0-0 11. Nc3 Na5 12. Be3 Bb7 13. d5 Nxb3 14. Qxb3 c5 15. dxc6 Nxc6 16. a4 Na5 17. Qb4 Nc6 18. Qb3 Na5 19. Qb4 Nc6 20. Qb3 1/2-1/2

[Event "Bundesliga 1617"]
[Site "Germany"]
[Date "2017.03.19"]
[Round "10.4"]
[White "Van Kampen, Robin"]
[Black "Jarmula, Lukasz"]
[Result "1-0"]
[WhiteElo "2643"]
[BlackElo "2466"]
[PlyCount "41"]
[EventDate "2016.10.15"]
[EventType "team-tourn"]
[EventRounds "15"]
[EventCountry "GER"]
[SourceTitle "CBM 178"]
[Source "ChessBase"]
[SourceDate "2017.05.14"]
[SourceVersion "1"]
[SourceVersionDate "2017.05.14"]
[SourceQuality "1"]
[WhiteTeam "Solingen"]
[BlackTeam "Griesheim"]
[WhiteTeamCountry "GER"]
[BlackTeamCountry "GER"]

1. c4 e5 2. g3 Nf6 3. Bg2 h6 4. Nc3 Bb4 5. d3 Bxc3+ 6. bxc3 0-0 7. e4 d6 8. Ne2 a6 9. a4 Nbd7 10. 0-0 Nc5 11. f4 b6 12. h3 Bb7 13. g4 Qd7 14. Ng3 Bc6 15. fxe5 dxe5 16. Rxf6 gxf6 17. d4 exd4 18. cxd4 Nb3 19. Qxb3 Qxd4+ 20. Kh2 Qxa1 21. Bb2 1-0

[Event "Bundesliga 1617"]
[Site "Germany"]
[Date "2017.02.19"]
[Round "8.4"]
[White "Van Kampen, Robin"]
[Black "Gharamian, Tigran"]
[Result "0-1"]
[WhiteElo "2643"]
[BlackElo "2626"]
[PlyCount "56"]
[EventDate "2016.10.15"]
[EventType "team-tourn"]
[EventRounds "15"]
[EventCountry "GER"]
[SourceTitle "CBM 177"]
[Source "ChessBase"]
[SourceDate "2017.03.16"]
[SourceVersion "1"]
[SourceVersionDate "2017.03.16"]
[SourceQuality "1"]
[WhiteTeam "Solingen"]
[BlackTeam "Schwaebisch Hall"]
[WhiteTeamCountry "GER"]
[BlackTeamCountry "GER"]

1. Nf3 d5 2. g3 g6 3. Bg2 Bg7 4. d4 Nf6 5. 0-0 0-0 6. c4 dxc4 7. Na3 c3 8. bxc3 c5 9. e3 Nc6 10. Qe2 Bf5 11. Bb2 Qb6 12. Rfc1 Rfd8 13. Nc4 Qa6 14. a4 Na5 15. Nfd2 Be6 16. Bf1 Bxc4 17. Nxc4 Nb3 18. Qf3 Nxa1 19. Rxa1 cxd4 20. cxd4 Rac8 21. Ne5 Qe6 22. Bg2 Nd5 23. e4 Bxe5 24. dxe5 Nb6 25. a5 Nc4 26. Qb3 Nxb2 27. Qxb2 Rc5 28. f4 Qc6 0-1

[Event "ISL-chT 1617"]
[Site "Reykjavik"]
[Date "2016.10.01"]
[Round "4.1"]
[White "Kjartansson, Gudmundur"]
[Black "Van Kampen, Robin"]
[Result "1/2-1/2"]
[WhiteElo "2442"]
[BlackElo "2640"]
[PlyCount "131"]
[EventDate "2016.09.29"]
[EventType "team-tourn"]
[EventRounds "9"]
[EventCountry "ISL"]
[SourceTitle "EXT 2018"]
[Source "ChessBase"]
[SourceDate "2017.10.13"]
[SourceVersion "1"]
[SourceVersionDate "2017.10.13"]
[SourceQuality "1"]
[WhiteTeam "Reykjavik"]
[BlackTeam "Huginn"]
[WhiteTeamCountry "ISL"]
[BlackTeamCountry "ISL"]

1. Nf3 d5 2. d4 Nf6 3. c4 e6 4. g3 Bb4+ 5. Bd2 Bd6 6. Bg2 c6 7. Nc3 Nbd7 8. Bg5 h6 9. Bxf6 Nxf6 10. 0-0 0-0 11. Qd3 b6 12. e4 Ba6 13. b3 Be7 14. Ne5 Rc8 15. Rfd1 Nd7 16. Ng4 Qc7 17. Ne3 Rfe8 18. Qc2 dxc4 19. bxc4 e5 20. d5 Bc5 21. Nf5 Bxc4 22. d6 Qb7 23. Na4 Be6 24. Nxc5 Nxc5 25. d7 Bxd7 26. Nd6 Qc7 27. Nxc8 Bxc8 28. Rac1 Be6 29. f3 Qe7 30. Bf1 Rc8 31. Rd2 Qg5 32. Re1 h5 33. Rd6 h4 34. Qd2 Qxd2 35. Rxd2 Kf8 36. gxh4 Ke7 37. Kf2 Nd7 38. Rc1 c5 39. a4 Nb8 40. Bb5 Nc6 41. Bxc6 Rxc6 42. Rb2 c4 43. a5 bxa5 44. Rb7+ Kf6 45. Rxa7 Rc8 46. Rxa5 Rh8 47. Kg3 Rh6 48. Ra6 Ke7 49. Rb6 Rg6+ 50. Kf2 Rh6 51. Rb7+ Kf6 52. Rc7 Rxh4 53. Kg3 Rh3+ 54. Kg2 Rh6 55. R1xc4 Kg5 56. R7c6 Kf4 57. Rxe6 fxe6 58. Rc7 Rg6+ 59. Kf2 Kg5 60. Kg3 Kf6+ 61. Kf2 Kg5 62. Kg3 Kf6+ 63. Kf2 Rh6 64. Kg3 Rg6+ 65. Kf2 Rh6 66. Kg3 1/2-1/2

[Event "Olympiad-42"]
[Site "Baku"]
[Date "2016.09.13"]
[Round "11.3"]
[White "Sedlak, Nikola"]
[Black "Van Kampen, Robin"]
[Result "1/2-1/2"]
[WhiteElo "2537"]
[BlackElo "2640"]
[PlyCount "220"]
[EventDate "2016.09.02"]
[EventType "team-swiss"]
[EventRounds "11"]
[EventCountry "AZE"]
[SourceTitle "CBM 175"]
[Source "ChessBase"]
[SourceDate "2016.11.10"]
[SourceVersion "1"]
[SourceVersionDate "2016.11.10"]
[SourceQuality "1"]
[WhiteTeam "Serbia"]
[BlackTeam "Netherlands"]
[WhiteTeamCountry "SRB"]
[BlackTeamCountry "NED"]

1. e4 c5 2. Nc3 d6 3. Nf3 a6 4. g3 Bg4 5. Bg2 Nc6 6. h3 Bxf3 7. Bxf3 g6 8. d3 Bg7 9. Be3 Nf6 10. Qd2 0-0 11. 0-0 Nd7 12. Bg2 Rc8 13. Bh6 Bxh6 14. Qxh6 Nd4 15. Qd2 Qa5 16. f4 Nb5 17. a4 Nxc3 18. bxc3 Rc7 19. Rae1 e5 20. f5 Kg7 21. g4 f6 22. h4 c4 23. d4 exd4 24. Qxd4 Qc5 25. g5 Ne5 26. Rd1 h6 27. Qxc5 Rxc5 28. fxg6 hxg5 29. hxg5 Rc6 30. Rb1 b6 31. gxf6+ Rxf6 32. Rxf6 Kxf6 33. Kf2 Kxg6 34. Bh3 Kf6 35. Ke3 Ke7 36. Bf5 Kd8 37. Be6 Kc7 38. Bd5 Rc5 39. Rh1 Ra5 40. Rh7+ Kd8 41. Kf4 Nd7 42. Rh8+ Kc7 43. Ra8 Nc5 44. Ra7+ Kb8 45. Rh7 Nxa4 46. Kf5 Nxc3 47. Ke6 Nxe4 48. Rb7+ Kc8 49. Re7 Nc3 50. Re8+ Kc7 51. Re7+ Kd8 52. Rd7+ Kc8 53. Bb7+ Kb8 54. Kxd6 Rh5 55. Bxa6 Rh6+ 56. Ke5 b5 57. Kd4 Ne2+ 58. Kc5 Rxa6 59. Kxb5 Ra3 60. Rd2 Nf4 61. Kxc4 Kc7 62. Kb4 Re3 63. Rd4 Ne6 64. Rd3 Re4+ 65. Kc3 Kc6 66. Rh3 Nc5 67. Rh6+ Kb5 68. Rh8 Rc4+ 69. Kd2 Rg4 70. Kc3 Na4+ 71. Kd2 Kc4 72. Rc8+ Nc5 73. Kc1 Kb4 74. Kb2 Na4+ 75. Kc1 Nb6 76. Rd8 Rh4 77. Rb8 Kc3 78. Rd8 Na4 79. Rc8+ Kb4 80. Rb8+ Kc4 81. Rc8+ Nc5 82. Kb2 Rh1 83. Ra8 Rh7 84. Rc8 Rb7+ 85. Kc1 Kb4 86. Kb2 Na4+ 87. Kc1 Ka3 88. Ra8 Rh7 89. Kd2 Rh4 90. Kc1 Ka2 91. Kd2 Kb1 92. Rb8+ Nb2 93. Re8 Rh2+ 94. Re2 Rh8 95. Re1+ Ka2 96. Kc1 Nc4 97. Kd1 Kb2 98. Ke2 Kxc2 99. Kf3 Rh4 100. Re8 Rd4 101. Re2+ Kd3 102. Re8 Nd2+ 103. Kg3 Nf1+ 104. Kf3 Rd7 105. Kf4 Rf7+ 106. Ke5 Ng3 107. Kd5 Rh7 108. Ke5 Ne4 109. Ra8 Rh5+ 110. Kf4 Nc5 1/2-1/2

[Event "Olympiad-42"]
[Site "Baku"]
[Date "2016.09.12"]
[Round "10.4"]
[White "Van Kampen, Robin"]
[Black "Gledura, Benjamin"]
[Result "1/2-1/2"]
[WhiteElo "2640"]
[BlackElo "2585"]
[PlyCount "124"]
[EventDate "2016.09.02"]
[EventType "team-swiss"]
[EventRounds "11"]
[EventCountry "AZE"]
[SourceTitle "CBM 175"]
[Source "ChessBase"]
[SourceDate "2016.11.10"]
[SourceVersion "1"]
[SourceVersionDate "2016.11.10"]
[SourceQuality "1"]
[WhiteTeam "Netherlands"]
[BlackTeam "Hungary"]
[WhiteTeamCountry "NED"]
[BlackTeamCountry "HUN"]

1. c4 c6 2. d4 d5 3. cxd5 cxd5 4. Bf4 Nc6 5. e3 Nf6 6. Nc3 Bf5 7. Qb3 Na5 8. Qa4+ Bd7 9. Qc2 e6 10. Bd3 Rc8 11. Nf3 Bb4 12. 0-0 Nc4 13. Rfc1 0-0 14. Ne5 Bxc3 15. bxc3 Bb5 16. Bg5 h6 17. Bxf6 gxf6 18. Nxc4 Bxc4 19. Rab1 b6 20. e4 dxe4 21. Bxc4 Rxc4 22. Qxe4 Qd5 23. Qxd5 exd5 24. Rb4 Rc7 25. Rb2 Rfc8 26. Rbc2 b5 27. Kf1 Re8 28. Rb2 a6 29. a4 bxa4 30. Rb4 a3 31. Ra4 Re6 32. Rxa3 Kf8 33. Ra5 Rec6 34. Rxd5 Rxc3 35. Rxc3 Rxc3 36. Rd6 a5 37. Rxf6 Kg7 38. Ra6 Rd3 39. Rd6 a4 40. Ke2 Rb3 41. Ra6 a3 42. h4 h5 43. Ra5 Kg6 44. d5 Kf6 45. d6 Rb2+ 46. Ke3 Rb3+ 47. Ke2 Rb2+ 48. Ke3 Rb3+ 49. Kd4 Ke6 50. Ra6 Rb4+ 51. Kc5 Rb2 52. Rxa3 Rc2+ 53. Kd4 Rxf2 54. g3 Kxd6 55. Ra6+ Ke7 56. Ke4 Rf6 57. Ra5 Rh6 58. Kf4 Kf8 59. Rg5 Rh7 60. Ke4 Rh6 61. Kf5 Rh7 62. Kf4 Rh6 1/2-1/2

[Event "Olympiad-42"]
[Site "Baku"]
[Date "2016.09.02"]
[Round "1.3"]
[White "Aithmidou, Mohamed Mehdi"]
[Black "Van Kampen, Robin"]
[Result "0-1"]
[WhiteElo "2229"]
[BlackElo "2640"]
[PlyCount "56"]
[EventDate "2016.09.02"]
[EventType "team-swiss"]
[EventRounds "11"]
[EventCountry "AZE"]
[SourceTitle "CBM 175"]
[Source "ChessBase"]
[SourceDate "2016.11.10"]
[SourceVersion "1"]
[SourceVersionDate "2016.11.10"]
[SourceQuality "1"]
[WhiteTeam "Morocco"]
[BlackTeam "Netherlands"]
[WhiteTeamCountry "MAR"]
[BlackTeamCountry "NED"]

1. e4 c5 2. Nf3 d6 3. d4 cxd4 4. Nxd4 Nf6 5. Bd3 Nc6 6. Ne2 g6 7. c4 Bg7 8. Nbc3 0-0 9. 0-0 Bd7 10. b3 a6 11. Bb2 Rb8 12. a4 Ng4 13. Rb1 Nge5 14. Ng3 h5 15. Be2 h4 16. Nh1 Qa5 17. Nd5 e6 18. Ne3 Qc5 19. Nc2 Qa7 20. Qxd6 Rfd8 21. Qd2 Be8 22. Qf4 Qc5 23. Qxh4 Rd2 24. Bd1 Rbd8 25. Ba3 Qa5 26. Ne3 Nd4 27. Qg3 Rxd1 28. Rb2 Rd2 0-1

[Event "Bundesliga 1516"]
[Site "Germany"]
[Date "2016.04.10"]
[Round "13.7"]
[White "Van Kampen, Robin"]
[Black "Dvirnyy, Danyyil"]
[Result "1-0"]
[WhiteElo "2615"]
[BlackElo "2543"]
[PlyCount "63"]
[EventDate "2015.09.18"]
[EventType "team-tourn"]
[EventRounds "15"]
[EventCountry "GER"]
[SourceTitle "CBM 172"]
[Source "ChessBase"]
[SourceDate "2016.05.12"]
[SourceVersion "1"]
[SourceVersionDate "2016.05.12"]
[SourceQuality "1"]
[WhiteTeam "Solingen"]
[BlackTeam "Berlin SF"]
[WhiteTeamCountry "GER"]
[BlackTeamCountry "GER"]

1. e4 e5 2. Nf3 Nc6 3. Bc4 Bc5 4. 0-0 d6 5. c3 Bb6 6. d3 Nf6 7. a4 0-0 8. Re1 a5 9. Na3 Ne7 10. Bb3 c6 11. Nc4 Bc7 12. Bg5 Ng6 13. Nh4 Nxh4 14. Bxh4 Be6 15. d4 h6 16. Ne3 g5 17. Bg3 Nxe4 18. Bxe6 fxe6 19. Qc2 d5 20. f3 Nf6 21. Qg6+ Kh8 22. Qxh6+ Nh7 23. Ng4 exd4 24. Rxe6 Bxg3 25. hxg3 dxc3 26. bxc3 Qc7 27. Ne5 Rfe8 28. Qg6 Qxe5 29. Rxe5 Rxe5 30. Qf7 Rb8 31. Qc7 Ree8 32. Kf2 1-0

[Event "Bundesliga 1516"]
[Site "Germany"]
[Date "2016.04.09"]
[Round "12.7"]
[White "Maiwald, Jens Uwe"]
[Black "Van Kampen, Robin"]
[Result "1-0"]
[WhiteElo "2452"]
[BlackElo "2615"]
[PlyCount "93"]
[EventDate "2015.09.18"]
[EventType "team-tourn"]
[EventRounds "15"]
[EventCountry "GER"]
[SourceTitle "CBM 172"]
[Source "ChessBase"]
[SourceDate "2016.05.12"]
[SourceVersion "1"]
[SourceVersionDate "2016.05.12"]
[SourceQuality "1"]
[WhiteTeam "Dresden TU"]
[BlackTeam "Solingen"]
[WhiteTeamCountry "GER"]
[BlackTeamCountry "GER"]

1. Nf3 d5 2. g3 c6 3. Bg2 Bg4 4. 0-0 Nd7 5. d3 Ngf6 6. Nbd2 e5 7. e4 dxe4 8. dxe4 Be7 9. h3 Bh5 10. Qe1 0-0 11. Nc4 Qc7 12. Nh4 Rfe8 13. Nf5 Bf8 14. Bg5 b5 15. Qa5 Qb8 16. Nd2 Qb6 17. Nb3 c5 18. g4 Bg6 19. Rfd1 c4 20. Qxb6 axb6 21. Nd2 h6 22. Bh4 Re6 23. b3 c3 24. Nf1 Ba3 25. N1e3 Bb2 26. Rab1 Rxa2 27. Bf1 Nc5 28. f3 Ne8 29. Bxb5 Nc7 30. Bc4 b5 31. Bxe6 N5xe6 32. Ne7+ Kh7 33. Nc6 Nf4 34. Nxe5 Nxh3+ 35. Kh2 Nf4 36. Rd7 Nce6 37. b4 Ne2 38. Re1 N2d4 39. f4 Bxe4 40. f5 Nxc2 41. Nxc2 Ng5 42. Bxg5 Bxc2 43. Bf4 Bb3 44. Kg3 Ba3 45. g5 Bc2 46. g6+ fxg6 47. f6 1-0

[Event "BCF-chT1b 1516 (4NCL)"]
[Site "England"]
[Date "2016.02.13"]
[Round "5.154"]
[White "Palliser, Richard"]
[Black "Van Kampen, Robin"]
[Result "0-1"]
[WhiteElo "2426"]
[BlackElo "2627"]
[PlyCount "58"]
[EventDate "2015.11.14"]
[EventType "team-swiss"]
[EventRounds "11"]
[EventCountry "ENG"]
[SourceTitle "CBM 170 Extra"]
[Source "ChessBase"]
[SourceDate "2016.02.25"]
[SourceVersion "1"]
[SourceVersionDate "2016.02.25"]
[SourceQuality "1"]
[WhiteTeam "White Rose"]
[BlackTeam "Guildford"]
[WhiteTeamCountry "ENG"]
[BlackTeamCountry "ENG"]

1. d4 e6 2. Nf3 Nf6 3. g3 d5 4. Bg2 b5 5. Bg5 Be7 6. Nbd2 0-0 7. Bxf6 Bxf6 8. e4 Bb7 9. e5 Be7 10. c3 a5 11. h4 c5 12. Ng5 h6 13. Nh3 Nc6 14. Nf3 b4 15. 0-0 a4 16. cxb4 Nxb4 17. Nf4 Ba6 18. Re1 Qb6 19. Nh2 cxd4 20. a3 Nc6 21. Ng4 d3 22. Bf1 Qxb2 23. Bxd3 Bxd3 24. Qxd3 Qb3 25. Qd2 Rab8 26. Rac1 Rfc8 27. Nxh6+ gxh6 28. Nh5 Qf3 29. Qxh6 Qg4 0-1

[Event "Bundesliga 1516"]
[Site "Germany"]
[Date "2015.12.12"]
[Round "3.1"]
[White "Babula, Vlastimil"]
[Black "Van Kampen, Robin"]
[Result "0-1"]
[WhiteElo "2554"]
[BlackElo "2615"]
[PlyCount "70"]
[EventDate "2015.09.18"]
[EventType "team-tourn"]
[EventRounds "15"]
[EventCountry "GER"]
[SourceTitle "CBM 170"]
[Source "ChessBase"]
[SourceDate "2016.01.15"]
[SourceVersion "1"]
[SourceVersionDate "2016.01.15"]
[SourceQuality "1"]
[WhiteTeam "Werder Bremen"]
[BlackTeam "Solingen"]
[WhiteTeamCountry "GER"]
[BlackTeamCountry "GER"]

1. d4 Nf6 2. c4 g6 3. Nc3 Bg7 4. e4 d6 5. Nf3 0-0 6. Be2 e5 7. 0-0 Nc6 8. d5 Ne7 9. Qc2 Ne8 10. Rd1 Kh8 11. Rb1 f5 12. Ng5 h6 13. Ne6 Bxe6 14. dxe6 Qc8 15. Qb3 b6 16. c5 bxc5 17. Bc4 Rb8 18. Qa3 Rb4 19. b3 fxe4 20. Nxe4 Qb7 21. Nc3 e4 22. Bd2 Bd4 23. Ne2 Bxf2+ 24. Kh1 d5 25. Bxh6 Rf5 26. Ba6 Qc6 27. Bd2 Rb6 28. b4 Qxe6 29. bxc5 Rxa6 30. Qh3+ Kg8 31. Bc3 Rf6 32. Rb8 Qxh3 33. Rxe8+ Kf7 34. Rxe7+ Kxe7 35. gxh3 Rf5 0-1

[Event "NED-chT 1516"]
[Site "Netherlands"]
[Date "2015.11.07"]
[Round "3.1"]
[White "Van Kampen, Robin"]
[Black "Reinderman, Dimitri"]
[Result "0-1"]
[WhiteElo "2615"]
[BlackElo "2592"]
[PlyCount "86"]
[EventDate "2015.09.26"]
[EventType "team-tourn"]
[EventRounds "9"]
[EventCountry "NED"]
[SourceTitle "EXT 2017"]
[Source "ChessBase"]
[SourceDate "2016.10.25"]
[SourceVersion "1"]
[SourceVersionDate "2016.10.25"]
[SourceQuality "1"]
[WhiteTeam "BSG"]
[BlackTeam "Rotterdam Pathena"]
[WhiteTeamCountry "NED"]
[BlackTeamCountry "NED"]

1. e4 c5 2. Nf3 Nc6 3. Bb5 Nf6 4. Nc3 g6 5. 0-0 Bg7 6. Bxc6 dxc6 7. h3 0-0 8. d3 b6 9. Bf4 Ne8 10. Qd2 f6 11. e5 fxe5 12. Bg3 Bxh3 13. Nxe5 Bd7 14. Ne4 Rf5 15. Qc3 Be6 16. Nxc6 Qd7 17. Ne5 Qd5 18. f4 g5 19. Qc4 gxf4 20. Qxd5 Bxd5 21. Nc4 Bxc4 22. dxc4 Bxb2 23. Rad1 Bd4+ 24. Kh1 Rh5+ 25. Bh2 Ng7 26. c3 Be3 27. Rf3 Ne6 28. Rd5 Rxd5 29. cxd5 Rd8 30. g3 Rxd5 31. gxf4 Rd1+ 32. Kg2 Bc1 33. Kf2 c4 34. Ke2 Rd3 35. f5 Rxf3 36. Kxf3 Ng5+ 37. Nxg5 Bxg5 38. Ke4 Kf7 39. Kd5 Kf6 40. Kxc4 Kxf5 41. Kb5 e5 42. Ka6 e4 43. Kxa7 e3 0-1